Top 50 football players with highest market value - Statistics

General Stats
  • This quiz has been taken 65 times
  • The average score is 38 of 50
Answer Stats
Market Value Team Answer % Correct
181.3M€ Manchester City Erling Haaland
100%
196.6M€ Real Madrid Kylian Mbappe
100%
221.3M€ FC Barcelona Lamine Yamal
98%
153.2M€ Arsenal Bukayo Saka
96%
194M€ Real Madrid Jude Bellingham
96%
144.9M€ FC Barcelona Pedri
95%
124.2M€ Newcastle United Alexander Isak
93%
176M€ Real Madrid Vinicius Jr
93%
148.9M€ Bayern Munchen Jamal Musiala
91%
120.8M€ Arsenal Declan Rice
89%
97M€ PSG Ousmane Dembele
87%
122.5M€ Chelsea Cole Palmer
85%
144.9M€ Liverpool Florian Wirtz
85%
76.6M€ Bayern Munchen Harry Kane
84%
93.2M€ FC Barcelona Raphinha
84%
100.7M€ Atletico Madrid Julián Álvarez
82%
97M€ Inter MIlan Lautaro Martínez
82%
72.5M€ Bayern Munchen Luis Díaz
82%
102.1M€ Manchester City Phil Foden
82%
86.2M€ PSG Achraf Hakimi
80%
102.1M€ Liverpool Alexis Mac Allister
80%
93.2M€ Real Madrid Rodrygo
80%
91.9M€ PSG Desire Doue
78%
132.8M€ Real Madrid Federico Valverde
78%
77.2M€ Arsenal William Saliba
78%
109.2M€ Bayern Munchen Michael Olise
76%
113.9M€ Manchester City Rodri
76%
81.7M€ PSG João Neves
75%
74.5M€ PSG Nuno Mendes
75%
90.6M€ Chelsea Moisés Caicedo
73%
84M€ Chelsea Enzo Fernández
71%
88M€ Arsenal Martin Ødegaard
69%
79.4M€ Newcastle United Bruno Guimarães
67%
73.5M€ Liverpool Gody Gakpo
67%
86.2M€ Liverpool Dominik Szoboszlai
65%
74.5M€ Arsenal Gabriel
65%
72.5M€ Athletic Club Nico Williams
65%
81.7M€ FC Barcelona Pau Cubarsi
65%
81.7M€ Inter Milan Alessandro Bastoni
62%
74.5M€ Liverpool Hugo Ekitike
62%
77.7M€ Real Madrid Trent Alexander-Arnold
62%
80.8M€ Arsenal Victor Gyökeres
62%
95.7M€ PSG Khvitša Kvaratskhelia
60%
74.5M€ Inter Milan Nicolò Barella
58%
76.6M€ Liverpool Ryan Gravenberch
58%
77.7M€ Real Madrid Aurelin Tchouameni
53%
75.5M€ Manchester City Joško Gvardiol
51%
73.4M€ Inter Milan Marcus Thuram
51%
76.6M€ Manchester City Omar Marmoush
51%
72.5M€ Napoli Victor Osimhen
51%
No matching quizzes found
Score Distribution
Percent of People with Each Score
Percentile by Number Answered
Your Score History
You have not taken this quiz